000 00552nam a2200181Ia 4500
008 090124s9999 xx 000 0 und d
082 _b39780
100 _aपावटे के. डी.
245 _a संभव-असंभव
250 _a1
260 _bमेहता पब्लिशिंग हाऊस
_c2002
300 _a102
600 _aपावटे के. डी.
630 _a संभव-असंभव
700 _aपावटे के. डी.
730 _a संभव-असंभव
942 _cBOOK
999 _c100117
_d100117